[Event "LSS No Engine Cup 99 Preliminary 3"]
[Site "LSS email"]
[Date "2013.12.03"]
[Round "?"]
[White "Potapov, Evgeniy M"]
[Black "Schubert, Steffen"]
[Result "1/2-1/2"]
[WhiteElo "1561"]
[BlackElo "1967"]
[PlyCount "34"]
[EventDate "2013.12.04"]
[EventType "tourn (corr)"]
[EventRounds "6"]
[EventCountry "GER"]
[SourceTitle "Telechess CBM 167"]
[Source "ChessBase"]
[SourceDate "2015.07.13"]
[SourceVersion "1"]
[SourceVersionDate "2015.07.13"]
[SourceQuality "1"]

1. e4 e5 2. Nf3 Nf6 3. Nxe5 d6 4. Nf3 Nxe4 5. d4 d5 6. Bd3 Be7 7. 0-0 Nc6 8. c4 Nb4 9. Be2 0-0 10. Nc3 Be6 11. Ne5 f6 12. Nf3 Qd7 13. cxd5 Bxd5 14. Nxd5 Nxd5 15. Bd3 f5 16. Re1 Bd6 17. Ne5 Bxe5 1/2-1/2

[Event "LSS No Engine Cup 89 Preliminary 4"]
[Site "LSS email"]
[Date "2013.06.14"]
[Round "?"]
[White "Ilkow, Zbigniew"]
[Black "Potapov, Evgeniy M"]
[Result "0-1"]
[WhiteElo "696"]
[BlackElo "1550"]
[PlyCount "36"]
[EventDate "2013.06.15"]
[EventType "tourn (corr)"]
[EventRounds "6"]
[EventCountry "GER"]
[SourceTitle "Corr 2015"]
[Source "ChessBase"]
[SourceDate "2015.07.17"]
[SourceVersion "1"]
[SourceVersionDate "2015.07.17"]
[SourceQuality "1"]

1. e4 c5 2. d4 cxd4 3. Qxd4 Nc6 4. Qd1 Nf6 5. Nc3 e6 6. Nf3 Bb4 7. Bd2 d5 8. a3 Ba5 9. b4 Bb6 10. Bb5 dxe4 11. Ng1 Bd7 12. Qe2 Nd4 13. Qd1 Nxb5 14. Nxb5 Bxb5 15. a4 Bc4 16. Ne2 Ng4 17. 0-0 Qh4 18. h3 Nxf2 0-1

[Event "LSS No Engine Cup 89 Preliminary 4"]
[Site "LSS email"]
[Date "2013.06.14"]
[Round "?"]
[White "Tittarelli, Adriano"]
[Black "Potapov, Evgeniy M"]
[Result "1/2-1/2"]
[WhiteElo "1100"]
[BlackElo "1550"]
[PlyCount "110"]
[EventDate "2013.06.15"]
[EventType "tourn (corr)"]
[EventRounds "6"]
[EventCountry "GER"]
[SourceTitle "Telechess CBM 161"]
[Source "ChessBase"]
[SourceDate "2014.07.16"]
[SourceVersion "1"]
[SourceVersionDate "2014.07.16"]
[SourceQuality "1"]

1. d4 Nf6 2. Bf4 g6 3. e3 Bg7 4. Nf3 d6 5. Nbd2 0-0 6. c3 Nbd7 7. Be2 c5 8. 0-0 b6 9. h3 Bb7 10. Rc1 Rc8 11. Re1 a6 12. Bf1 Re8 13. e4 e5 14. dxe5 dxe5 15. Bg5 b5 16. c4 Qb6 17. cxb5 axb5 18. a4 Bc6 19. axb5 Bxb5 20. Bxb5 Qxb5 21. Nc4 Bf8 22. Bxf6 Nxf6 23. Nfxe5 Rcd8 24. Qc2 Rd4 25. f3 Nd7 26. Nxd7 Qxd7 27. Nb6 Qb5 28. Nd5 Rb8 29. Re2 Bg7 30. Rd2 Rxd2 31. Qxd2 Qxb2 32. Qxb2 Rxb2 33. Rc4 Bd4+ 34. Kh2 Kg7 35. Kg3 h5 36. h4 Bf2+ 37. Kh2 Rd2 38. Rc1 Ra2 39. Kh3 Ra6 40. Rc2 Bd4 41. g3 Rd6 42. Kg2 f5 43. Nf4 fxe4 44. fxe4 Kf6 45. Kf3 Ra6 46. Ke2 Ke5 47. Nd3+ Kxe4 48. Nxc5+ Bxc5 49. Rxc5 Ra2+ 50. Kd1 Kf3 51. Rg5 Rg2 52. Rxg6 Rxg3 53. Rxg3+ Kxg3 54. Ke1 Kxh4 55. Kf1 Kg3 1/2-1/2

[Event "LSS No Engine Cup 83 Preliminary 7"]
[Site "LSS email"]
[Date "2013.02.27"]
[Round "?"]
[White "Potapov, Evgeniy M"]
[Black "Lacunza, Mario"]
[Result "0-1"]
[WhiteElo "1550"]
[BlackElo "1874"]
[PlyCount "140"]
[EventDate "2013.02.28"]
[EventType "tourn (corr)"]
[EventRounds "6"]
[EventCountry "GER"]
[SourceTitle "Telechess CBM 161"]
[Source "ChessBase"]
[SourceDate "2014.07.16"]
[SourceVersion "1"]
[SourceVersionDate "2014.07.16"]
[SourceQuality "1"]

1. e4 e5 2. Nf3 Nf6 3. Nxe5 d6 4. Nf3 Nxe4 5. d4 d5 6. Bd3 Be7 7. c4 Nf6 8. Nc3 Nc6 9. c5 0-0 10. 0-0 Bg4 11. Be2 Ne4 12. Be3 Re8 13. Rc1 Bf6 14. a3 Nxc3 15. Rxc3 a6 16. Qd2 Qd7 17. b4 Re4 18. Rd1 Rae8 19. Rd3 Ne7 20. h3 Bf5 21. Re1 h6 22. Rc3 Re6 23. Bd3 Be4 24. Bxe4 dxe4 25. Nh2 Rd8 26. Rc4 Nf5 27. Rd1 Qd5 28. Qe2 h5 29. Nf1 Ree8 30. Rd2 c6 31. a4 Rd7 32. b5 axb5 33. axb5 Ra8 34. Rb4 Ra3 35. bxc6 bxc6 36. Rb8+ Rd8 37. Rxd8+ Bxd8 38. Qd1 Bf6 39. Kh1 g6 40. Kg1 Qc4 41. Rc2 Qd3 42. Rd2 Qc3 43. Rc2 Ra1 44. Rxc3 Rxd1 45. Rc4 Bxd4 46. g4 Bxe3 47. gxf5 Bd4 48. fxg6 f5 49. Kg2 f4 50. Ne3 fxe3 51. fxe3 Bxe3 52. Rxe4 Bxc5 53. Re6 Rd6 54. Re5 Rd2+ 55. Kf1 Bd4 56. Rxh5 Kg7 57. Rg5 c5 58. Ke1 Rh2 59. Rg4 Rxh3 60. Ke2 Bf6 61. Kd2 Rh4 62. Rg2 Rb4 63. Kc1 Bd4 64. Rg3 c4 65. Rg2 c3 66. Rg3 Rb2 67. Rd3 Rd2 68. Rg3 Rf2 69. Rd3 Be5 70. Rd7+ Kxg6 0-1

[Event "LSS No Engine Cup 71 Preliminary 4"]
[Site "LSS email"]
[Date "2012.08.27"]
[Round "?"]
[White "Potapov, Evgeniy M"]
[Black "Ausan, Leo Tito Jr"]
[Result "1-0"]
[WhiteElo "1609"]
[BlackElo "1058"]
[PlyCount "73"]
[EventDate "2012.08.28"]
[EventType "tourn (corr)"]
[EventRounds "6"]
[EventCountry "GER"]
[SourceTitle "Telechess CBM 159"]
[Source "ChessBase"]
[SourceDate "2014.03.17"]
[SourceVersion "1"]
[SourceVersionDate "2014.03.17"]
[SourceQuality "1"]

1. e4 e5 2. Nf3 Nc6 3. Bc4 Nf6 4. Ng5 d5 5. exd5 Na5 6. Bb5+ c6 7. dxc6 bxc6 8. Be2 h6 9. Nf3 e4 10. Ne5 Qd4 11. Ng4 Bxg4 12. Bxg4 e3 13. Bf3 exf2+ 14. Kf1 0-0-0 15. Qe2 Qb6 16. c3 g5 17. Qxf2 Qxf2+ 18. Kxf2 g4 19. Be2 Bc5+ 20. d4 Bb6 21. Re1 Ne4+ 22. Kf1 Nf6 23. Bf4 h5 24. Be5 Rh6 25. Ba6+ Nb7 26. Na3 Nd7 27. Bg3 h4 28. Bf2 Kc7 29. Re7 Nd6 30. Rae1 f5 31. Be3 Rg6 32. Bf4 g3 33. hxg3 hxg3 34. Nc4 Rh8 35. Nxd6 Rxd6 36. R1e6 c5 37. Rxd6 1-0

[Event "LSS No Engine Cup 68 Preliminary 4"]
[Site "LSS email"]
[Date "2012.06.30"]
[Round "?"]
[White "Lonyuk, Bohdan"]
[Black "Potapov, Evgeniy M"]
[Result "0-1"]
[WhiteElo "1184"]
[BlackElo "1594"]
[PlyCount "100"]
[EventDate "2012.07.01"]
[EventType "tourn (corr)"]
[EventRounds "6"]
[EventCountry "GER"]
[SourceTitle "Telechess CBM 163"]
[Source "ChessBase"]
[SourceDate "2014.11.11"]
[SourceVersion "2"]
[SourceVersionDate "2014.11.11"]
[SourceQuality "1"]

1. e4 d6 2. d4 Nf6 3. Nc3 e5 4. dxe5 dxe5 5. Qxd8+ Kxd8 6. Bc4 Be6 7. Bxe6 fxe6 8. Be3 Bb4 9. 0-0-0+ Nbd7 10. Nge2 a6 11. f3 Ke7 12. Kb1 Rad8 13. h4 h6 14. b3 Rhf8 15. g4 Nh7 16. Rhf1 Bd6 17. Kb2 b5 18. a3 Rf7 19. Rf2 Rdf8 20. Rdf1 Bc5 21. Bxc5+ Nxc5 22. b4 Nb7 23. a4 Nd6 24. Kb3 Nc4 25. Nb1 Ne3 26. Rg1 Rxf3 27. Rxf3 Rxf3 28. Nbc3 c6 29. axb5 axb5 30. Rg3 Rxg3 31. Nxg3 Nxg4 32. Nce2 Nhf6 33. c4 bxc4+ 34. Kxc4 Kd6 35. b5 cxb5+ 36. Kxb5 Ne3 37. Kb4 Ng2 38. h5 Nf4 39. Nc3 N4xh5 40. Nxh5 Nxh5 41. Kc4 Nf4 42. Nd1 g5 43. Kc3 g4 44. Kd2 h5 45. Ke3 Kc5 46. Nf2 g3 47. Nd1 h4 48. Kf3 g2 49. Kf2 h3 50. Kg1 Ne2+ 0-1

[Event "LSS No Engine Cup 68 Preliminary 4"]
[Site "LSS email"]
[Date "2012.06.30"]
[Round "?"]
[White "Potapov, Evgeniy M"]
[Black "Bieszk, Stanislaw"]
[Result "1-0"]
[WhiteElo "1594"]
[BlackElo "1244"]
[PlyCount "65"]
[EventDate "2012.07.01"]
[EventType "tourn (corr)"]
[EventRounds "6"]
[EventCountry "GER"]
[SourceTitle "Telechess CBM 163"]
[Source "ChessBase"]
[SourceDate "2014.11.11"]
[SourceVersion "2"]
[SourceVersionDate "2014.11.11"]
[SourceQuality "1"]

1. e4 c5 2. Nf3 d6 3. d4 cxd4 4. Nxd4 Nf6 5. Nc3 a6 6. Bg5 e6 7. f4 Nbd7 8. Qf3 Qc7 9. 0-0-0 b5 10. g4 Bb7 11. Bd3 Qb6 12. Nb3 b4 13. Ne2 a5 14. Bxf6 Nxf6 15. g5 Nd7 16. Nbd4 a4 17. Bb5 b3 18. cxb3 axb3 19. Qxb3 Qc7+ 20. Nc3 Be7 21. Nxe6 fxe6 22. Qxe6 Bc6 23. Kb1 Nc5 24. Nd5 Nxe6 25. Nxc7+ Nxc7 26. Bxc6+ Kf7 27. Bxa8 Rxa8 28. h4 Ne6 29. f5 Nf4 30. Rhf1 Ng2 31. f6 gxf6 32. gxf6 Bxf6 33. Rxd6 1-0

[Event "RC-2012-0-00098"]
[Site "LSS email"]
[Date "2012.06.23"]
[Round "?"]
[White "Potapov, Evgeniy M"]
[Black "Bujdak, Pavol"]
[Result "1/2-1/2"]
[WhiteElo "1605"]
[BlackElo "1668"]
[PlyCount "92"]
[EventDate "2012.04.10"]
[EventType "tourn (corr)"]
[EventRounds "6"]
[EventCountry "GER"]
[SourceTitle "Telechess CBM 165"]
[Source "ChessBase"]
[SourceDate "2015.03.11"]
[SourceVersion "1"]
[SourceVersionDate "2015.03.11"]
[SourceQuality "1"]

1. e4 e6 2. d4 d5 3. Nd2 dxe4 4. Nxe4 Nd7 5. Nf3 Ngf6 6. Bg5 Be7 7. Nxf6+ Bxf6 8. h4 0-0 9. Bd3 c5 10. Qe2 cxd4 11. Qe4 Qa5+ 12. c3 g6 13. Bxf6 Nxf6 14. Qxd4 e5 15. Nxe5 Re8 16. f4 Ng4 17. b4 Qc7 18. 0-0-0 Be6 19. Rhe1 Rad8 20. Qc5 Qb8 21. Nxg4 Bxg4 22. Rxe8+ Rxe8 23. Rf1 Rc8 24. Qd4 Rd8 25. Qe3 Qc7 26. Kb2 a5 27. a3 axb4 28. axb4 Qc6 29. f5 Qxg2+ 30. Rf2 Qd5 31. Be4 Qe5 32. fxg6 hxg6 33. Qg5 Qxg5 34. hxg5 b6 35. Rf6 Be6 36. Bxg6 Rd5 37. Bxf7+ Bxf7 38. g6 Be8 39. Rxb6 Rg5 40. c4 Bxg6 41. Kc3 Kf7 42. c5 Ke7 43. Kd4 Bf7 44. Ke3 Kd7 45. Rd6+ Kc7 46. Rf6 Be8 1/2-1/2

[Event "RC-2012-0-00098"]
[Site "LSS email"]
[Date "2012.06.23"]
[Round "?"]
[White "Pott, Brian"]
[Black "Potapov, Evgeniy M"]
[Result "1-0"]
[WhiteElo "1820"]
[BlackElo "1605"]
[PlyCount "63"]
[EventDate "2012.04.10"]
[EventType "tourn (corr)"]
[EventRounds "6"]
[EventCountry "GER"]
[SourceTitle "Telechess CBM 165"]
[Source "ChessBase"]
[SourceDate "2015.03.11"]
[SourceVersion "1"]
[SourceVersionDate "2015.03.11"]
[SourceQuality "1"]

1. e4 e5 2. Nf3 Nc6 3. Bc4 Bc5 4. b4 Bxb4 5. c3 Ba5 6. d4 exd4 7. 0-0 Nge7 8. cxd4 d5 9. exd5 Nxd5 10. Qb3 Be6 11. Ba3 Bb4 12. Bxb4 Ncxb4 13. a3 Nc6 14. Qxb7 Na5 15. Qa6 c6 16. Bxd5 Qxd5 17. Re1 0-0 18. Re5 Nb3 19. Rxd5 Bxd5 20. Ra2 Rfe8 21. Re2 Bxf3 22. Rxe8+ Rxe8 23. gxf3 Nxd4 24. Kg2 h6 25. Qxa7 Nb5 26. Qd7 Re6 27. a4 Rg6+ 28. Kf1 Rd6 29. Qe8+ Kh7 30. axb5 Rd1+ 31. Ke2 Rxb1 32. Qe4+ 1-0

[Event "LSS No Engine Cup 67 Preliminary 5"]
[Site "LSS email"]
[Date "2012.06.11"]
[Round "?"]
[White "Leonov, Aleksandr"]
[Black "Potapov, Evgeniy M"]
[Result "0-1"]
[WhiteElo "1053"]
[BlackElo "1604"]
[PlyCount "88"]
[EventDate "2012.06.12"]
[EventType "tourn (corr)"]
[EventRounds "6"]
[EventCountry "GER"]
[SourceTitle "Telechess CBM 153"]
[Source "ChessBase"]
[SourceDate "2013.03.14"]
[SourceVersion "1"]
[SourceVersionDate "2013.03.14"]
[SourceQuality "1"]

1. e4 d6 2. Nc3 Nf6 3. Bc4 e5 4. d3 Nc6 5. Nf3 Be7 6. Bg5 Bg4 7. h3 Be6 8. Bxe6 fxe6 9. d4 exd4 10. Nxd4 Nxd4 11. Qxd4 0-0 12. 0-0-0 Nd7 13. Bxe7 Qxe7 14. Rhf1 Qg5+ 15. Kb1 a6 16. g3 Rf6 17. e5 Qxe5 18. Qxe5 Nxe5 19. f4 Nc6 20. Ne4 Rf7 21. Ng5 Re7 22. f5 exf5 23. Rxf5 Rae8 24. c3 h6 25. Nf3 Rf8 26. Rxf8+ Kxf8 27. Nh4 Ne5 28. Rf1+ Rf7 29. Rxf7+ Kxf7 30. Kc2 Kf6 31. b3 g5 32. Ng2 Kf5 33. Kd2 Ke4 34. Ke2 Nd3 35. a4 Nc1+ 36. Kf2 Nxb3 37. Ne3 h5 38. g4 hxg4 39. hxg4 Nc5 40. Nf5 Kf4 41. Ne3 c6 42. Nf5 d5 43. Nd6 Ne4+ 44. Nxe4 dxe4 0-1

[Event "BI-2012-P-00016"]
[Site "LSS email"]
[Date "2012.04.20"]
[Round "?"]
[White "Potapov, Evgeniy M"]
[Black "Hrvacic, Pavle"]
[Result "1-0"]
[WhiteElo "1594"]
[BlackElo "1653"]
[PlyCount "37"]
[EventDate "2012.04.22"]
[EventType "tourn (corr)"]
[EventRounds "10"]
[EventCountry "GER"]
[SourceTitle "Corr 2015"]
[Source "ChessBase"]
[SourceDate "2015.07.17"]
[SourceVersion "1"]
[SourceVersionDate "2015.07.17"]
[SourceQuality "1"]

1. e4 e6 2. d4 d5 3. Nd2 c5 4. exd5 exd5 5. Ngf3 a6 6. Be2 Nf6 7. 0-0 Be7 8. dxc5 Bxc5 9. Nb3 Bb6 10. Bg5 0-0 11. c3 Re8 12. Qd3 h6 13. Bh4 Nc6 14. Rae1 g5 15. Bg3 Ne4 16. Nfd4 Qf6 17. Bf3 Nxd4 18. Nxd4 Bxd4 19. cxd4 1-0

[Event "BI-2012-P-00016"]
[Site "LSS email"]
[Date "2012.04.20"]
[Round "?"]
[White "Potapov, Evgeniy M"]
[Black "Saganauer, Richard"]
[Result "1/2-1/2"]
[WhiteElo "1594"]
[BlackElo "1612"]
[PlyCount "93"]
[EventDate "2012.04.22"]
[EventType "tourn (corr)"]
[EventRounds "10"]
[EventCountry "GER"]
[SourceTitle "Telechess CBM 165"]
[Source "ChessBase"]
[SourceDate "2015.03.11"]
[SourceVersion "1"]
[SourceVersionDate "2015.03.11"]
[SourceQuality "1"]

1. e4 e6 2. d4 d5 3. Nd2 c5 4. exd5 exd5 5. Ngf3 Nc6 6. Bb5 Bd6 7. dxc5 Qe7+ 8. Qe2 Qxe2+ 9. Kxe2 Bxc5 10. Nb3 Bd6 11. Bg5 f6 12. Bh4 Kf7 13. Bg3 Ne5 14. Rhd1 Ne7 15. Kf1 Rd8 16. Be2 Bf5 17. Nfd4 Bg6 18. c3 Nc4 19. Bxd6 Rxd6 20. Nb5 Rdd8 21. Nc5 Nxb2 22. Nxb7 Nxd1 23. Nxd8+ Rxd8 24. Rxd1 Rd7 25. c4 a6 26. Nd4 Rc7 27. cxd5 Nxd5 28. Bxa6 Nb4 29. Be2 Nxa2 30. f4 Nc3 31. f5 Bxf5 32. Nxf5 Nxd1 33. Bxd1 Ke6 34. Ne3 Ke5 35. Kf2 f5 36. h4 g6 37. g3 Rc3 38. Bf3 Kd4 39. Ng2 Rc2+ 40. Be2 Ke4 41. Nf4 Ra2 42. Ne6 h6 43. Nf4 g5 44. hxg5 hxg5 45. Ne6 g4 46. Nf4 Rc2 47. Ng2 1/2-1/2